Top Goalies in the NHL 2020 Postseason - Statistics

General Stats
  • This quiz has been taken 62 times
  • The average score is 14 of 16
Answer Stats
# Team Country Player % Correct
6 Canadiens Canada Carey Price
100%
7 Golden Knights Canada Marc-André Fleury
100%
2 Lightning Russia Andrei Vasilevskiy
98%
3 Jets United States Connor Hellebuyck
96%
4 Blues Canada Jordan Binnington
96%
15 Panthers Russia Sergei Bobrovsky
96%
1 Bruins Finland Tuukka Rask
96%
9 Capitals Canada Braden Holtby
94%
10 Flyers Canada Carter Hart
89%
8 Maple Leafs Denmark Frederik Andersen
85%
5 Stars United States Ben Bishop
83%
11 Penguins Canada Tristan Jarry
81%
16 Golden Knights Sweden Robin Lehner
74%
13 Canucks Sweden Jacob Markström
72%
14 Coyotes Canada Darcy Kuemper
64%
12 Blue Jackets Latvia Elvis Merzļikins
60%
No matching quizzes found
Score Distribution
Percent of People with Each Score
Percentile by Number Answered
Your Score History
You have not taken this quiz